عرض عادي عرض مارك
  • Diagnostic Techniques, Neurological

مدخل مصطلح موضوعي

عدد التسجيلات المستخدمة في: 1

001 - رقم الضبط

  • حقل الضبط: 11188

003 - معرف رقم الضبط

  • حقل الضبط: OSt

005 - تاريخ ووقت أخر عملية

  • حقل الضبط: 20120417045351.0

008 - عناصر بيانات ثابتة الطول

  • حقل تحكم ثابت الطول: 120417|||a|||||| | ||| d

040 ## - مصدر الفهرسة

  • هيئة الفهرسة الأصلية: OSt
  • وكالة الكتابة: OSt

150 ## - مدخل-- مصطلح تاريخي

  • عنصر مدخل المصطلح الموضوعي او الاسم الجغرافي: Diagnostic Techniques, Neurological
  • تفريع شكلي: Case Reports.

670 ## - بيانات المصدر موجوده

  • الاستشهاد بالمصدر: Work cat.: (OSt)23824: Neuro imaging /, c2011.